Derecho y legislación mercantil: estudio crítico esquemático con especial referencia a la legislación venezolana
Wedi'i Gadw mewn:
| Prif Awdur: | |
|---|---|
| Fformat: | Llyfr |
| Iaith: | Sbaeneg |
| Cyhoeddwyd: |
Caracas
Plan Caracas para la Cultura
1975
|
| Pynciau: | |
| Tagiau: |
Ychwanegu Tag
Dim Tagiau, Byddwch y cyntaf i dagio'r cofnod hwn!
|
MARC
| LEADER | 00000nam a2200000 a 4500 | ||
|---|---|---|---|
| 001 | UCS1644 | ||
| 003 | CL-VaPUC | ||
| 008 | 970515e19750000VE |||||||||||||||||spa|d | ||
| 082 | 0 | 4 | |a 346.07 |b GOM |2 21 |
| 100 | 0 | |a Gómez Mantellini, Jorge |e author |9 386289 | |
| 245 | 1 | 0 | |a Derecho y legislación mercantil: estudio crítico esquemático con especial referencia a la legislación venezolana |
| 300 | |a 552 p | ||
| 942 | |c BK | ||
| 945 | |d 19970515 00:00:00 |a cmena | ||
| 260 | |a Caracas |b Plan Caracas para la Cultura |c 1975 | ||
| 600 | 0 | 7 | |a BANCO CENTRAL DE VENEZUELA |2 CL-VaPUC |9 386290 |
| 650 | 0 | |a Derecho comercial |9 256340 | |
| 650 | 0 | |a Código de comercio |9 329302 | |
| 650 | 0 | |a Sociedades comerciales |9 257290 | |
| 650 | 0 | |a Derecho venezolano |9 385421 | |
| 650 | 0 | |a Personalidad jurídica |9 315329 | |
| 650 | 0 | |a Sociedades anónimas |9 255387 | |
| 650 | 0 | |a Obligaciones |9 255578 | |
| 650 | 0 | |a Contratos |9 255153 | |
| 650 | 7 | |a RESPONSABILIDAD CIVIL |2 CL-VaPUC |9 386291 | |
| 650 | 7 | |a LEGISLACION |2 CL-VaPUC |9 386292 | |
| 650 | 7 | |a AVAL |2 CL-VaPUC |9 386293 | |
| 650 | 0 | |a Operaciones bancarias |9 337857 | |
| 650 | 0 | |a Cheques |9 254910 | |
| 650 | 0 | |a Quiebra |9 255386 | |
| 651 | 0 | |a Venezuela |9 254993 | |
| 583 | |a last modification |c 19970515 00:00:00 |k Rodrigo Vera | ||
| 999 | |c 259681 |d 259679 | ||
| 952 | |0 0 |1 0 |4 0 |6 346_070000000000000_GOM_1975 |7 0 |8 A |9 284906 |a BIBDER |b BIBDER |d 2019-11-19 |i 1854178 |o 346.07 GOM 1975 |p 1854178 |r 2023-01-25 |w 2019-11-19 |y BK |k DER | ||